[Event "Open C Gorges"]
[Site "?"]
[Date "2019.07.06"]
[Round "3"]
[White "PICHAUD, Dorian"]
[Black "RETAILLEAU, Bernard"]
[Result "0-1"]
[WhiteElo "1101"]
[BlackElo "1009"]
[PlyCount "76"]

1. e4 d6 2. d4 Nf6 3. Nc3 Nbd7 4. f3 c6 5. Be3 Qc7 6. Qd2 e5 7. O-O-O d5 8.
dxe5 Nxe5 9. Bf4 Nfd7 10. exd5 Bd6 11. Re1 O-O 12. Kb1 a6 13. Bxe5 Nxe5 14. h4
b5 15. h5 b4 16. Na4 Bd7 17. h6 g6 18. c3 cxd5 19. b3 Bxa4 20. bxa4 bxc3 21.
Qc2 Rab8+ 22. Ka1 Rb2 23. Qc1 Rfb8 24. Re2 Ba3 25. Rc2 Rxa2+ 26. Kxa2 Bxc1 27.
Rxc1 Rb2+ 28. Ka1 Qe7 29. Rxc3 Qb7 30. Bb5 axb5 31. Kxb2 bxa4+ 32. Ka3 Nc6 33.
Re3 Qb4+ 34. Ka2 Qd2+ 35. Ka1 Qxe3 36. Ne2 Qxe2 37. Rb1 Qe5+ 38. Rb2 a3 0-1

[Event "Open C Gorges"]
[Site "?"]
[Date "2019.07.06"]
[Round "3"]
[White "ARCHAMBAUD, Clémence"]
[Black "JONIK, Eloi"]
[Result "0-1"]
[WhiteElo "1010"]
[BlackElo "1262"]
[PlyCount "48"]

1. e4 e5 2. Nf3 Nc6 3. Bc4 Bc5 4. O-O Nf6 5. Nc3 a6 6. a3 b5 7. Ba2 Bb7 8. d3
O-O 9. Bg5 d6 10. Nd5 Nd4 11. Nxf6+ gxf6 12. Bh6 Re8 13. c3 Ne6 14. Nh4 f5 15.
exf5 Qxh4 16. fxe6 fxe6 17. Qd2 Qg4 18. g3 Qg6 19. d4 exd4 20. Bb1 Qf6 21. Bg5
Qf3 22. Bxh7+ Kxh7 23. Qc2+ Kg7 24. Qe4 Bxe4 0-1

[Event "Open C Gorges"]
[Site "?"]
[Date "2019.07.06"]
[Round "3"]
[White "GOURBILIERE, Noé"]
[Black "SOULARD, Arthur"]
[Result "1-0"]
[WhiteElo "1120"]
[BlackElo "1017"]
[PlyCount "120"]

1. d4 d5 2. Nf3 Nf6 3. g3 Bg4 4. Bg2 e6 5. b3 Bb4+ 6. Nbd2 Bc3 7. Rb1 Nc6 8.
Bb2 Bxb2 9. Rxb2 O-O 10. O-O Nb4 11. Re1 c6 12. Ne5 Qa5 13. Nxg4 Nxg4 14. a4 c5
15. dxc5 Qxc5 16. Nf3 Qxf2+ 17. Kh1 Qc5 18. Rf1 Nf2+ 19. Rxf2 Qxf2 20. Qd2 Nc6
21. Rb1 Rac8 22. Qd3 f5 23. Rf1 Qb6 24. Qc3 Nb4 25. Qb2 Rxc2 26. Qe5 Qc6 27.
Nd4 Qc3 28. Qxe6+ Kh8 29. Nxc2 Qxc2 30. Bh3 Qe4+ 31. Qxe4 dxe4 32. g4 f4 33.
Bg2 e3 34. Bxb7 a5 35. Bf3 Na6 36. Be4 Nc5 37. Bd5 g5 38. Bc4 Kg7 39. Kg2 Rd8
40. Re1 Rd2 41. Rc1 Rb2 42. Rc3 Kf6 43. Kf3 Ke5 44. Bg8 h6 45. Rxc5+ Kd4 46.
Rxa5 Rb1 47. Kg2 Rb2 48. Bc4 Rb1 49. Ra6 Kc3 50. Rc6 Kd2 51. Rxh6 Re1 52. Rh8
Kd1 53. a5 Kd2 54. a6 Ra1 55. Ra8 Ke1 56. a7 Ra5 57. b4 Ra4 58. Bd3 Rxb4 59.
Rb8 Rxb8 60. axb8=Q Kd2 1-0

[Event "Open C Gorges"]
[Site "?"]
[Date "2019.07.07"]
[Round "4"]
[White "SIMON, Paul"]
[Black "FAMEL, Diane"]
[Result "1/2-1/2"]
[WhiteElo "1286"]
[BlackElo "1310"]
[PlyCount "70"]

1. e4 d5 2. exd5 Qxd5 3. Nc3 Qa5 4. Nf3 Nf6 5. d3 Bf5 6. Bd2 c6 7. a3 e6 8. Be2
Nbd7 9. O-O Qc7 10. h3 Bd6 11. Be3 O-O 12. d4 Nd5 13. Nxd5 cxd5 14. Bd3 Bg6 15.
Bxg6 hxg6 16. Qd3 Nf6 17. Rac1 Rac8 18. Bg5 Ne4 19. Bd2 a6 20. Bb4 Bf4 21. Bxf8
Bxc1 22. Rxc1 Kxf8 23. Ne5 b5 24. b3 Qc3 25. Qxc3 Nxc3 26. Kf1 Na2 27. Rd1 Rxc2
28. Rd3 Nc1 29. Rf3 f6 30. Nxg6+ Kf7 31. Nh8+ Kg8 32. Ng6 Kf7 33. Nh8+ Kg8 34.
Ng6 Kf7 35. Nh8+ Kg8 1/2-1/2

[Event "Open C Gorges"]
[Site "?"]
[Date "2019.07.07"]
[Round "4"]
[White "DEGREE, Florentin"]
[Black "LEGENDRE, Aurélien"]
[Result "1-0"]
[WhiteElo "1340"]
[BlackElo "1202"]
[PlyCount "95"]

1. e4 c5 2. Nf3 Nc6 3. d4 cxd4 4. Nxd4 g6 5. Nc3 Bg7 6. Be3 Nf6 7. Qd2 Ng4 8.
Nb3 Nxe3 9. Qxe3 d6 10. Bc4 a6 11. Qf4 O-O 12. O-O Ne5 13. Bd3 Bd7 14. Qe3 e6
15. Rad1 f5 16. exf5 exf5 17. Qd2 f4 18. f3 Qg5 19. Ne4 Qe7 20. Rfe1 Bc6 21.
Re2 Qc7 22. Nd4 Qb6 23. c3 Nxd3 24. Qxd3 Bxe4 25. Qxe4 Rfe8 26. Qxe8+ Rxe8 27.
Rxe8+ Kf7 28. Re2 Be5 29. Kf1 h5 30. Nb3 g5 31. h3 Kf6 32. Nc1 Qb5 33. Nd3 Kf5
34. Nxe5 dxe5 35. b3 g4 36. c4 Qc6 37. fxg4+ hxg4 38. hxg4+ Kxg4 39. Rxe5 Qh6
40. Rdd5 Qh1+ 41. Kf2 Qh4+ 42. Ke2 Qf6 43. Rg5+ Kh4 44. Rh5+ Kg4 45. Rdg5+ Qxg5
46. Rxg5+ Kxg5 47. Kf3 Kf5 48. a4 1-0

[Event "Open C Gorges"]
[Site "?"]
[Date "2019.07.07"]
[Round "4"]
[White "PICHERIT, Olivier"]
[Black "ALLARD NEDELLEC, Anna"]
[Result "0-1"]
[WhiteElo "1216"]
[BlackElo "1284"]
[PlyCount "90"]

1. e4 e6 2. Nf3 d5 3. exd5 exd5 4. d4 Bd6 5. Bd3 Nf6 6. Bg5 O-O 7. O-O Bg4 8.
a3 Nbd7 9. Nc3 c6 10. b4 Qb6 11. Be3 Rfe8 12. Re1 Ne4 13. Na4 Qc7 14. Be2 Bxf3
15. Bxf3 Bxh2+ 16. Kf1 Bd6 17. c3 b5 18. Nb2 Nxc3 19. Qd3 Ne4 20. Bd2 Ndf6 21.
Re2 Nxd2+ 22. Qxd2 Rxe2 23. Qxe2 Re8 24. Qd3 Ne4 25. Nd1 a5 26. Bxe4 dxe4 27.
Qc3 a4 28. Ne3 g6 29. Rc1 Bf4 30. Rc2 Bxe3 31. Qxe3 f5 32. g3 Qd6 33. Rc5 Rd8
34. Ke2 Qe6 35. Qd2 Rd5 36. Ke3 Kf7 37. f4 Rxc5 38. dxc5 Ke7 39. Qb2 Qb3+ 40.
Qxb3 axb3 41. Kd2 Ke6 42. Kc3 Kd5 43. Kxb3 Kd4 44. Kc2 Ke3 45. Kc3 Kf2 0-1

[Event "Open C Gorges"]
[Site "?"]
[Date "2019.07.07"]
[Round "4"]
[White "CAMPOS, Léo"]
[Black "RETAILLEAU, Bernard"]
[Result "1-0"]
[WhiteElo "1193"]
[BlackElo "1009"]
[PlyCount "111"]

1. e4 d6 2. Nf3 Nf6 3. Nc3 Nbd7 4. Bc4 Ne5 5. Nxe5 dxe5 6. d3 Qd4 7. Be3 Qd7 8.
f3 h6 9. Qd2 g5 10. O-O-O Rh7 11. g3 e6 12. a3 a6 13. Bb3 Rb8 14. Na4 b6 15. f4
exf4 16. gxf4 Ng4 17. fxg5 Nxe3 18. Qxe3 hxg5 19. Kb1 Rh5 20. Qg3 b5 21. Nc3 b4
22. Ba4 Rb5 23. Bxb5 axb5 24. axb4 Bxb4 25. Qg4 Rh6 26. Qxg5 Rg6 27. Qxb5 Bxc3
28. Qxd7+ Bxd7 29. bxc3 e5 30. h4 Ba4 31. h5 Rb6+ 32. Kc1 Rh6 33. d4 Bc6 34.
Rh4 f6 35. Rg1 Ke7 36. Rg6 Rh7 37. dxe5 Be8 38. exf6+ Ke6 39. Rg5 Kxf6 40. Rf5+
Ke6 41. Kd2 Rd7+ 42. Rd5 Rh7 43. Ke3 Ba4 44. Kd3 c6 45. Rg5 Rd7+ 46. Ke3 Kd6
47. h6 Rh7 48. Rg7 Rh8 49. h7 Bxc2 50. Rg8 Rxh7 51. Rg6+ Kc5 52. Rxh7 Ba4 53.
Rd7 Kc4 54. Rd4+ Kb3 55. Rxa4 Kxa4 56. Kd3 1-0

[Event "Open C Gorges"]
[Site "?"]
[Date "2019.07.07"]
[Round "4"]
[White "PERRIN, Cyril"]
[Black "AUROY, Yannick"]
[Result "1-0"]
[WhiteElo "1116"]
[BlackElo "1185"]
[PlyCount "57"]

1. e4 d5 2. exd5 Qxd5 3. Nc3 Qd8 4. g3 c6 5. Nge2 e5 6. Bg2 Nf6 7. d3 Bb4 8.
Bd2 O-O 9. a3 Bc5 10. b4 Bd4 11. Nxd4 exd4 12. Ne4 Nd5 13. Ng5 Re8+ 14. Kf1 Nc3
15. Qh5 Bf5 16. Qxf7+ Kh8 17. Qxf5 Qxg5 18. Qxg5 Nd7 19. Bxc3 dxc3 20. Be4 Nf6
21. Bf5 Re5 22. f4 Re3 23. Re1 Rae8 24. Rxe3 Rxe3 25. Kf2 Re8 26. Re1 Rf8 27.
Bd7 h6 28. Qe5 Nxd7 29. Qe7 1-0

[Event "Open C Gorges"]
[Site "?"]
[Date "2019.07.07"]
[Round "4"]
[White "ARCHAMBAUD, David"]
[Black "FERNANDES MERLET, Nolan"]
[Result "0-1"]
[WhiteElo "1072"]
[BlackElo "1151"]
[PlyCount "68"]

1. d4 d5 2. Bf4 Nf6 3. e3 Bf5 4. Nf3 e6 5. h3 Bd6 6. Ne5 Qe7 7. Be2 Bxe5 8.
Bxe5 Qb4+ 9. Nd2 Ne4 10. b3 Nxd2 11. Qxd2 Qxd2+ 12. Kxd2 c6 13. Bxg7 Rg8 14.
Be5 Rxg2 15. Bg3 Be4 16. Bf1 Rxg3 17. fxg3 Bxh1 18. Be2 Be4 19. Bh5 Bg6 20.
Bxg6 hxg6 21. Rf1 Nd7 22. Kd3 Ke7 23. e4 dxe4+ 24. Kxe4 Rh8 25. h4 Rh5 26. Rh1
c5 27. g4 f5+ 28. gxf5 exf5+ 29. Kd3 g5 30. dxc5 Rxh4 31. Rxh4 gxh4 32. Ke3
Nxc5 33. Kf3 Kd6 34. Kg2 f4 0-1

[Event "Open C Gorges"]
[Site "?"]
[Date "2019.07.07"]
[Round "4"]
[White "JONIK, Eloi"]
[Black "CARNET, Damien"]
[Result "1-0"]
[WhiteElo "1262"]
[BlackElo "1041"]
[PlyCount "73"]

1. e4 d5 2. exd5 Nf6 3. c4 e6 4. d4 Bb4+ 5. Bd2 Bxd2+ 6. Nxd2 Qe7 7. Qe2 O-O 8.
Ngf3 Re8 9. O-O-O Qb4 10. Re1 exd5 11. Qxe8+ Nxe8 12. Rxe8+ Qf8 13. Rxf8+ Kxf8
14. cxd5 Bf5 15. Bb5 a6 16. Nh4 axb5 17. Nxf5 Rxa2 18. Kb1 Ra6 19. Rc1 Rf6 20.
Ne3 Rxf2 21. Nf3 Re2 22. Nf5 c6 23. Nd6 g6 24. Nxb7 b4 25. dxc6 Nxc6 26. Rxc6
Rxg2 27. b3 Rf2 28. Ne5 Rxh2 29. Rf6 Rh1+ 30. Kc2 Rh2+ 31. Kd3 Rh3+ 32. Kc4 g5
33. Rxf7+ Kg8 34. Nd6 Re3 35. Nf5 Rxe5 36. Rg7+ Kf8 37. dxe5 1-0

[Event "Open C Gorges"]
[Site "?"]
[Date "2019.07.07"]
[Round "4"]
[White "KOLENDOWICZ, Udo"]
[Black "PERRIN, Stéphane"]
[Result "1-0"]
[WhiteElo "1202"]
[BlackElo "1010"]
[PlyCount "41"]

1. e4 c6 2. Nf3 Nf6 3. Nc3 d5 4. e5 Ng4 5. h3 Nh6 6. d4 Bf5 7. Bd3 Bxd3 8. Qxd3
e6 9. a3 Be7 10. Ne2 Nf5 11. Nf4 Qc8 12. h4 O-O 13. g4 Nh6 14. g5 Ng4 15. Rg1
Nxe5 16. Nxe5 Bd6 17. Ng4 Bxf4 18. Bxf4 g6 19. Nf6+ Kh8 20. h5 gxh5 21. Qxh7#
1-0

[Event "Open C Gorges"]
[Site "?"]
[Date "2019.07.07"]
[Round "4"]
[White "GOURBILIERE, Julie"]
[Black "GOURBILIERE, Noé"]
[Result "1-0"]
[WhiteElo "1009"]
[BlackElo "1120"]
[PlyCount "37"]

1. d4 d5 2. Nf3 Nf6 3. g3 g6 4. Bg2 Bg7 5. O-O O-O 6. b3 b6 7. Bb2 Bb7 8. c4
dxc4 9. bxc4 c5 10. d5 Na6 11. Nc3 Nc7 12. Ng5 Rb8 13. Qd2 Ba6 14. Qf4 Nh5 15.
Qh4 Nf6 16. Rac1 Qd6 17. Nce4 Qd8 18. Nxf6+ exf6 19. Qxh7# 1-0

[Event "Open C Gorges"]
[Site "?"]
[Date "2019.07.07"]
[Round "4"]
[White "CARNET, Baptiste"]
[Black "PICHAUD, Dorian"]
[Result "0-1"]
[WhiteElo "1060"]
[BlackElo "1101"]
[PlyCount "108"]

1. e4 c5 2. Nc3 d6 3. f4 e6 4. Nf3 Nf6 5. Bb5+ Bd7 6. Qe2 a6 7. Bxd7+ Nbxd7 8.
d3 Be7 9. O-O h6 10. Qf2 Qc7 11. b3 d5 12. Bb2 d4 13. Ne2 g5 14. Qg3 gxf4 15.
Nxf4 Rg8 16. Qh4 Rg4 17. Qxh6 Rxf4 18. Qh8+ Bf8 19. Qh3 Rg4 20. Nd2 O-O-O 21.
Nf3 Bd6 22. Rf2 Kb8 23. e5 Bxe5 24. Nxe5 Qxe5 25. Raf1 Rdg8 26. Bc1 Qh5 27.
Bf4+ Ka7 28. Qxh5 Nxh5 29. Bc1 Ne5 30. Bf4 Nxf4 31. Rxf4 Rxg2+ 32. Kh1 Rxc2 33.
a4 Rc3 34. Rb1 Rxd3 35. a5 Nf3 36. Rxf7 Rxb3 37. Rf1 Nd2 38. Rd1 c4 39. Rf2 c3
40. Rg2 Rxg2 41. Kxg2 c2 42. Rc1 Rc3 43. h3 Nb3 44. Rxc2 Rxc2+ 45. Kg3 d3 46.
Kg4 d2 47. h4 d1=Q+ 48. Kg5 Rf2 49. h5 Qd8+ 50. Kh6 Qh8+ 51. Kg5 Rf5+ 52. Kg6
Qf6+ 53. Kh7 Rxh5+ 54. Kg8 Rh8# 0-1

[Event "Open C Gorges"]
[Site "?"]
[Date "2019.07.07"]
[Round "4"]
[White "SOULARD, Arthur"]
[Black "GOURBILIERE, Robin"]
[Result "1/2-1/2"]
[WhiteElo "1017"]
[BlackElo "1067"]
[PlyCount "64"]
[EventDate "2019.??.??"]

1. e4 d6 2. d4 Nf6 3. Nc3 g6 4. Nf3 Bg7 5. Bc4 O-O 6. O-O c5 7. d5 Na6 8. Rb1
Nc7 9. a3 b5 10. Be2 Rb8 11. b4 c4 12. Nd4 Bd7 13. Be3 Qc8 14. Ra1 Ng4 15. Bxg4
Bxg4 16. Qd2 Bd7 17. a4 a6 18. axb5 Bxb5 19. Ncxb5 Nxb5 20. Nc6 Qb7 21. Nxb8
Bxa1 22. Rxa1 Rxb8 23. Bh6 f6 24. Qe2 Nd4 25. Qxc4 Qxb4 26. Qxb4 Rxb4 27. c3
Ne2+ 28. Kf1 Nxc3 29. Bd2 Rb1+ 30. Rxb1 Nxb1 31. Ba5 Kf8 32. Bb4 a5 1/2-1/2

[Event "Open C Gorges"]
[Site "?"]
[Date "2019.07.07"]
[Round "5"]
[White "FAMEL, Diane"]
[Black "DEGREE, Florentin"]
[Result "0-1"]
[WhiteElo "1310"]
[BlackElo "1340"]
[PlyCount "60"]

1. e4 e5 2. Nc3 Nc6 3. f4 d6 4. Nf3 Nge7 5. Bc4 g6 6. O-O Bg7 7. d3 O-O 8. Qe1
Be6 9. Bxe6 fxe6 10. Qg3 exf4 11. Bxf4 Nd4 12. Rac1 Nec6 13. a3 b5 14. Be3 a5
15. Qf2 b4 16. axb4 axb4 17. Nxd4 Rxf2 18. Rxf2 Nxd4 19. Nd1 Qe7 20. c3 bxc3
21. Nxc3 Rf8 22. Rcf1 Rxf2 23. Bxf2 Nc6 24. Rc1 Bd4 25. Nb5 Bxf2+ 26. Kxf2 Qf6+
27. Kg1 Qxb2 28. Rxc6 Qxb5 29. Rc3 Qb1+ 30. Kf2 Qb2+ 0-1

[Event "Open C Gorges"]
[Site "?"]
[Date "2019.07.07"]
[Round "5"]
[White "ALLARD NEDELLEC, Anna"]
[Black "SIMON, Paul"]
[Result "0-1"]
[WhiteElo "1284"]
[BlackElo "1286"]
[PlyCount "134"]

1. e4 d5 2. exd5 Nf6 3. Nf3 Bg4 4. Be2 Nxd5 5. O-O e6 6. d4 Nc6 7. h3 Bh5 8. c4
Nf6 9. Bg5 Be7 10. Nc3 O-O 11. Qd2 Qd7 12. Rfe1 Rfd8 13. Rad1 Bxf3 14. Bxf3
Qxd4 15. Qxd4 Nxd4 16. Bxb7 Rab8 17. Bxf6 Bxf6 18. Be4 Rxb2 19. Rb1 Rxb1 20.
Rxb1 Be5 21. Rb7 Ne2+ 22. Kf1 Nxc3 23. Bf3 g6 24. Rxa7 Rb8 25. g3 Rb1+ 26. Kg2
Rb2 27. Ra8+ Kg7 28. a4 Bd4 29. a5 Rxf2+ 30. Kh1 Rxf3 31. a6 Rxg3 32. a7 Bxa7
33. Rxa7 Rxh3+ 34. Kg2 Rh5 35. Rxc7 Rf5 36. c5 Nb5 37. Rc8 Kh6 38. c6 Rc5 39.
Rf8 f5 40. Kf3 Rxc6 41. Kf4 Rc5 42. Kf3 e5 43. Ke3 Kg5 44. Kf3 e4+ 45. Ke3 Rc3+
46. Ke2 e3 47. Re8 Rc4 48. Rb8 Nd6 49. Kxe3 Re4+ 50. Kf3 f4 51. Rd8 Rd4 52. Rd7
h6 53. Re7 Re4 54. Rd7 Rd4 55. Re7 Rd3+ 56. Kf2 Re3 57. Rd7 Nc4 58. Rd4 Ne5 59.
Rd5 Kg4 60. Rd4 h5 61. Rd8 h4 62. Rh8 h3 63. Rh7 Nd3+ 64. Kg1 f3 65. Kf1 Kg3
66. Kg1 f2+ 67. Kh1 f1=Q# 0-1

[Event "Open C Gorges"]
[Site "?"]
[Date "2019.07.07"]
[Round "5"]
[White "FERNANDES MERLET, Nolan"]
[Black "CAMPOS, Léo"]
[Result "1-0"]
[WhiteElo "1151"]
[BlackElo "1193"]
[PlyCount "101"]

1. e4 c5 2. Nf3 Nc6 3. Bc4 e6 4. Nc3 Nf6 5. e5 Ng4 6. d3 Ngxe5 7. Nxe5 Nxe5 8.
Bb3 d5 9. d4 Nc6 10. dxc5 Bxc5 11. O-O O-O 12. Qg4 Qf6 13. h4 Ne5 14. Qg3 h6
15. Re1 Ng6 16. h5 Ne7 17. Na4 Nf5 18. Qg4 Bd6 19. Bd2 Qd4 20. Qxd4 Nxd4 21.
Be3 Nxb3 22. axb3 e5 23. Nc3 d4 24. Ne4 dxe3 25. Nxd6 exf2+ 26. Kxf2 f6 27. Nb5
Bf5 28. Rec1 a6 29. Nd6 Bg4 30. Nxb7 Bxh5 31. Nc5 a5 32. Nb7 Rfb8 33. Nxa5 Bg6
34. c3 Rd8 35. Ke1 Rd3 36. b4 Be4 37. Ke2 Rg3 38. Rg1 Rxg2+ 39. Rxg2 Bxg2 40.
Rd1 Bh3 41. Rd6 Kf7 42. c4 Ke7 43. c5 Bg2 44. Nc4 Rb8 45. Nb6 Rxb6 46. Rxb6 Kd7
47. Kd2 Kc7 48. Ra6 h5 49. Ra7+ Bb7 50. b5 h4 51. c6 1-0

[Event "Open C Gorges"]
[Site "?"]
[Date "2019.07.07"]
[Round "5"]
[White "JONIK, Eloi"]
[Black "PERRIN, Cyril"]
[Result "1-0"]
[WhiteElo "1262"]
[BlackElo "1116"]
[PlyCount "39"]

1. e4 e5 2. Nf3 Nc6 3. Bc4 Bc5 4. b4 Bxb4 5. c3 Bc5 6. O-O Nf6 7. d4 exd4 8.
cxd4 Bb6 9. Ba3 d6 10. Bb5 Bd7 11. Nc3 O-O 12. e5 Ng4 13. Bxc6 Bxc6 14. d5 Bd7
15. exd6 cxd6 16. Na4 Bf5 17. Nxb6 axb6 18. Bb2 Be4 19. Qd4 Bxf3 20. Qxg7# 1-0

[Event "Open C Gorges"]
[Site "?"]
[Date "2019.07.07"]
[Round "5"]
[White "PICHAUD, Dorian"]
[Black "PICHERIT, Olivier"]
[Result "1/2-1/2"]
[WhiteElo "1101"]
[BlackElo "1216"]
[PlyCount "95"]

1. e4 e5 2. Nf3 d6 3. c3 Nf6 4. d3 Nc6 5. Bg5 Be7 6. d4 Nxe4 7. Bxe7 Qxe7 8. d5
Nd8 9. Qa4+ c6 10. Qxe4 a6 11. c4 Qf6 12. Bd3 Rb8 13. Nc3 c5 14. a4 b6 15. b3
Bd7 16. Qh4 Qxh4 17. Nxh4 g6 18. O-O f5 19. Rfe1 O-O 20. Bc2 Nf7 21. g3 Rbe8
22. f3 Nh6 23. h3 g5 24. Ng2 Kh8 25. Re2 Re7 26. Rae1 Rfe8 27. g4 Rf7 28. gxf5
Bxf5 29. Ne4 Bxe4 30. fxe4 g4 31. hxg4 Nxg4 32. Ne3 Nxe3 33. Rxe3 Rg8+ 34. Kh1
Rf4 35. R1e2 Rg5 36. Rg2 Rf1+ 37. Kh2 Rh5+ 38. Rh3 Rxh3+ 39. Kxh3 Rf3+ 40. Rg3
Rf2 41. Rg2 Rf3+ 42. Kh2 Rf4 43. Kg3 Rf6 44. Bd1 Rg6+ 45. Bg4 h5 46. Rh2 Rxg4+
47. Kf3 Rf4+ 48. Kg3 1/2-1/2

[Event "Open C Gorges"]
[Site "?"]
[Date "2019.07.07"]
[Round "5"]
[White "RETAILLEAU, Bernard"]
[Black "KOLENDOWICZ, Udo"]
[Result "1-0"]
[WhiteElo "1009"]
[BlackElo "1202"]
[PlyCount "69"]

1. d4 c5 2. Bf4 Nf6 3. e3 Qb6 4. Ne2 d6 5. c3 Bf5 6. Qc1 Nc6 7. a3 Na5 8. Nd2
c4 9. Qd1 Ne4 10. Qa4+ Bd7 11. Qc2 Nxd2 12. Ng3 Ndb3 13. Rd1 h6 14. e4 g5 15.
Be3 Qc7 16. d5 Ba4 17. Bd4 Rg8 18. Be3 Nc5 19. Qb1 Bxd1 20. Qxd1 Ncb3 21. Be2
b5 22. O-O e6 23. dxe6 fxe6 24. Bh5+ Kd7 25. Bg4 Re8 26. f4 Kd8 27. e5 d5 28.
Nh5 Rg6 29. Nf6 Re7 30. Bh5 Rgg7 31. f5 Qxe5 32. fxe6 Qxe3+ 33. Kh1 Qxe6 34.
Nxd5 Rd7 35. Rxf8+ 1-0

[Event "Open C Gorges"]
[Site "?"]
[Date "2019.07.07"]
[Round "5"]
[White "LEGENDRE, Aurélien"]
[Black "ARCHAMBAUD, David"]
[Result "0-1"]
[WhiteElo "1202"]
[BlackElo "1072"]
[PlyCount "90"]

1. c4 e5 2. e3 Nf6 3. Nc3 Be7 4. Nf3 Nc6 5. g3 O-O 6. Bg2 d6 7. O-O Be6 8. b3
Qd7 9. Ng5 h6 10. Nxe6 Qxe6 11. d4 exd4 12. exd4 Qd7 13. Bf4 a6 14. Qd2 Rab8
15. Rfe1 Rfe8 16. Ne4 Nxe4 17. Bxe4 f5 18. Bd5+ Kh7 19. Be6 Qd8 20. Qd3 g6 21.
Qd2 Bg5 22. Bxg5 Qxg5 23. f4 Qf6 24. Bd7 Rxe1+ 25. Rxe1 Qxd4+ 26. Qxd4 Nxd4 27.
Re7+ Kg8 28. Kf2 c5 29. Be8 Kf8 30. Rh7 Rxe8 31. Rxb7 Re2+ 32. Kf1 Rxa2 33. Rb6
Rxh2 34. Rxa6 Nxb3 35. Rxd6 Nd2+ 36. Kg1 Nf3+ 37. Kf1 Kf7 38. Rc6 Nd2+ 39. Kg1
Nf3+ 40. Kf1 Rc2 41. Rxc5 Nd2+ 42. Ke1 Rxc4 43. Rd5 Ne4 44. Rd3 Rc1+ 45. Ke2
Rg1 0-1

[Event "Open C Gorges"]
[Site "?"]
[Date "2019.07.07"]
[Round "5"]
[White "AUROY, Yannick"]
[Black "GOURBILIERE, Julie"]
[Result "1/2-1/2"]
[WhiteElo "1185"]
[BlackElo "1009"]
[PlyCount "103"]

1. e4 d6 2. Bc4 Nf6 3. Nf3 g6 4. d3 Bg7 5. O-O O-O 6. Bg5 c5 7. c3 Nc6 8. h3 b6
9. Nbd2 Bb7 10. Be3 Nd7 11. Ng5 Nde5 12. Ndf3 Nxc4 13. dxc4 Ne5 14. Qe2 Ba6 15.
b3 Nxf3+ 16. Qxf3 Bxc3 17. Rad1 Bg7 18. Qe2 Bb7 19. Bf4 Qd7 20. e5 Qc6 21. f3
dxe5 22. Bxe5 Bh6 23. Ne4 Rad8 24. Rxd8 Rxd8 25. Qb2 Qe6 26. g4 f6 27. Bh2 Bxe4
28. Re1 Qd7 29. fxe4 Bg7 30. Bg3 f5 31. Be5 Bxe5 32. Qxe5 fxg4 33. Qd5+ Qxd5
34. exd5 gxh3 35. Re3 Re8 36. d6 Kf7 37. Rxh3 exd6 38. Rxh7+ Ke6 39. Rxa7 d5
40. Rb7 d4 41. Rxb6+ Kf7 42. a4 Rd8 43. Kf2 d3 44. Ke1 d2+ 45. Kd1 Rd3 46. a5
g5 47. a6 Rd8 48. Rb7+ Ke6 49. a7 Ra8 50. Kxd2 Kd6 51. Rg7 Kc6 52. Rxg5 1/2-1/2

[Event "Open C Gorges"]
[Site "?"]
[Date "2019.07.07"]
[Round "5"]
[White "GOURBILIERE, Robin"]
[Black "GOURBILIERE, Noé"]
[Result "1-0"]
[WhiteElo "1067"]
[BlackElo "1120"]
[PlyCount "79"]

1. d4 d5 2. Nf3 Nf6 3. g3 g6 4. Bg2 Bg7 5. O-O O-O 6. Bg5 Nc6 7. Nbd2 Bf5 8. c4
dxc4 9. Nxc4 Re8 10. Rc1 Ne4 11. Be3 Rb8 12. Nh4 Nf6 13. Nxf5 gxf5 14. a3 a6
15. d5 Na7 16. Bxa7 Ra8 17. Be3 b5 18. Ne5 Rb8 19. Nc6 Qd7 20. Nxb8 Rxb8 21.
Bf4 Rc8 22. Qd2 Nh5 23. Bh6 Qd6 24. Bxg7 Nxg7 25. Rc3 c6 26. Qc2 Rd8 27. Rxc6
Qd7 28. Rxa6 Rc8 29. Rc6 Rxc6 30. dxc6 Qc7 31. Rd1 h6 32. Rd7 Qc8 33. Qd2 Kh7
34. c7 Ne6 35. Rxe7 Nxc7 36. Rxf7+ Kg8 37. Qd7 Qxd7 38. Rxd7 Ne8 39. Rd5 Kh7
40. Rxb5 1-0

[Event "Open C Gorges"]
[Site "?"]
[Date "2019.07.07"]
[Round "5"]
[White "CARNET, Damien"]
[Black "CARNET, Baptiste"]
[Result "1-0"]
[WhiteElo "1041"]
[BlackElo "1060"]
[PlyCount "63"]

1. d4 d5 2. Bf4 Nf6 3. e3 Bf5 4. Nc3 c6 5. Nf3 e6 6. h3 Bb4 7. Nh4 O-O 8. Nxf5
exf5 9. Bd3 Qd7 10. Qe2 Re8 11. O-O c5 12. dxc5 Bxc5 13. Bb5 Nc6 14. Rad1 a6
15. Ba4 d4 16. Qf3 Qc8 17. exd4 Nxd4 18. Qg3 Re2 19. Qg5 Re6 20. Rfe1 Rxe1+ 21.
Rxe1 b5 22. Bb3 Nxb3 23. axb3 Qb7 24. Qxf5 Qb6 25. Bg3 Rd8 26. h4 Rd2 27. Rf1
Qb7 28. Qxc5 Rxc2 29. Rd1 h6 30. Qf5 Rxb2 31. Rd8+ Ne8 32. Rxe8# 1-0

[Event "Open C Gorges"]
[Site "?"]
[Date "2019.07.07"]
[Round "5"]
[White "PERRIN, Stéphane"]
[Black "SOULARD, Arthur"]
[Result "0-1"]
[WhiteElo "1010"]
[BlackElo "1017"]
[PlyCount "70"]

1. f3 d6 2. e4 Nf6 3. Bc4 g6 4. d4 Bg7 5. Bg5 O-O 6. Ne2 b6 7. Nbc3 Bb7 8. Nf4
c5 9. e5 dxe5 10. dxe5 Nfd7 11. Bd5 Bxd5 12. Nfxd5 Re8 13. Nf4 Nxe5 14. Nfd5
Nc4 15. Bf4 Nxb2 16. Qb1 Bxc3+ 17. Nxc3 Qd4 18. Qxb2 Qxf4 19. O-O Qd4+ 20. Rf2
Nc6 21. Rd1 Qf6 22. Na4 Qxb2 23. Nxb2 Nb4 24. Ra1 Rad8 25. a3 Nc6 26. Rff1 Rd2
27. Rfc1 Red8 28. h3 b5 29. Kf1 c4 30. Nd1 Nd4 31. Ra2 Rd5 32. g3 Nxf3 33. Ne3
Rh5 34. h4 g5 35. hxg5 Rh1# 0-1